La mujer en dos comunidades de emigrantes : Chihuahua.
Guardat en:
| Autor principal: | |
|---|---|
| Format: | Llibre |
| Idioma: | espanyol |
| Col·lecció: | (Frontera)
|
| Matèries: | |
| Etiquetes: |
Sense etiquetes, Sigues el primer a etiquetar aquest registre!
|
MARC
| LEADER | 00000cam^a2200000uu^4500 | ||
|---|---|---|---|
| 001 | 000493234 | ||
| 005 | 20250521000000.0 | ||
| 008 | 031306s1985^^^^^^^^^^^^rd^r^^000^0^spa^d | ||
| 009 | 20260310125459.446 | ||
| 022 | |a 9682910277 | ||
| 035 | |a FCE 000036607 | ||
| 035 | |a FCE 036652 | ||
| 037 | |a Acervo ITESO - Biblioteca | ||
| 041 | |a spa | ||
| 082 | 0 | 4 | |a 396.097214 |b CASm |
| 100 | |a Casillas Moreno, Angelina |e (autor) | ||
| 245 | 1 | 3 | |a La mujer en dos comunidades de emigrantes : |b Chihuahua. |
| 264 | |a México : |b SEP, |c 1985. | ||
| 300 | |a 107 p. | ||
| 336 | |a texto |b txt |2 rdacontenido | ||
| 337 | |a sin mediación |b n |2 rdamedio | ||
| 338 | |a volumen |b nc |2 rdasoporte | ||
| 440 | 0 | |a (Frontera) | |
| 649 | |a XX | ||
| 650 | |a Historia | ||
| 650 | |a Mujer | ||
| 650 | |a Empleo | ||
| 650 | |a Migración | ||
| 650 | |a Condición socioeconómica | ||
| 650 | |a Chihuahua, México | ||
| 910 | |a Fondo Centro de Estudios Educativos | ||
| 920 | |a Impresos - Libros | ||
| 930 | |a Fondos Especiales | ||
| 905 | |a 133 | ||
| 901 | |a ALE036652 |b IT2 |c CEE |u 20250521 | ||
| 902 | |a https://opac.biblio.iteso.mx/vufind/Record/000493234 | ||